College Quizbowl Stats
College Quizbowl Stats
Circuits
Seasons
Sets
Records
Detailed Stats
About
Loading...
Pacific
Tossups
Bonuses
Players
Teams
Categories (Tossup)
Categories (Bonus)
Haiden Fox-Howells
Washington Steelhead
Categories
Category
Powers
Gets
Negs
BBs
Points
Earliest Buzz
Avg. Buzz
First Buzzes
Top 3 Buzzes
BPA
PVF
Literature - British
0
1
0
0
10
21
21.00
1
1
0.00
0.00
Literature - European
0
1
0
0
10
53
53.00
0
1
0.00
0.00
Geography
0
0
1
0
-5
0.00
0
0
0.00
0.00
Mythology
0
0
1
0
-5
0.00
0
0
0.00
0.00
Buzzes
Category
Answer
Value
Buzz Position
Literature - British
The Hobbit
10
21
Geography
Namibia
-5
32
Literature - European
Don Quixote
10
53
Mythology
blacksmith
-5
59
Previous
1
Next